00400nam a22000977a 4500008004100000082002300041245016700064260003700231300001000268710002400278230612b xxu||||| |||| 00| 0 eng d a354.676200723bKEN aThe Appropriation Accounts, and other Public Accounts details including Accounts of the Funds of the Republic of Kenya for the Year 2006/2007cGovernment of Kenya aKenyabGovernment of Kenyac2007 a741 p bGovernment of Kenya